Lazaro de Betania: Lo fantástico como principio generador del texto

Saved in:
Bibliographic Details
Main Author: Méndez Ramirez, Yolanda y Zamora Peraza, Mireya
Format: Book
Language:Undetermined
Published: San José, Costa Rica Escuela de Filología, Literatura y Lingüística,Universidad de Costa Rica 1978
Subjects:
Tags: Add Tag
No Tags, Be the first to tag this record!

MARC

LEADER 00000nam a2200000Ia 4500
008 170316s9999 xx 000 0 und d
040 |a cru BVZT 
090 |a Tesis 91 
100 |a Méndez Ramirez, Yolanda y Zamora Peraza, Mireya 
245 |a Lazaro de Betania: Lo fantástico como principio generador del texto 
260 |a San José, Costa Rica 
260 |b Escuela de Filología, Literatura y Lingüística,Universidad de Costa Rica 
260 |c 1978 
300 |a 246 páginas 
650 |a LICENCIATURA EN FILOLOGÍA ESPAÑOLA 
650 |a TRABAJO FINAL DE GRADUACIÓN 
999 |c 14569  |d 14569 
942 |c TFG  |h Tesis 91  |2 z